000 00295nam a2200121Ia 4500
008 190216s9999||||xx |||||||||||||| ||und||
100 _aKrishna Gopal Sharma Shashthri
245 0 _aHindi-Sreekrishna Kavitha Vali
260 _bSreeramakrishna
300 _a144
650 _aHindi
942 _cBK
999 _c16384
_d16384